[Event "Bayern-chTT (Oberliga)"]
[Site "Bayern 2008/09"]
[Date "2008.11.30"]
[Round "3.2"]
[White "Rohrmueller, Ulrich"]
[Black "Cicak, Slavko"]
[Result "0-1"]
[WhiteElo "2275"]
[BlackElo "2541"]
[PlyCount "68"]
[EventDate "2009.03.??"]
[EventType "team-tourn"]
[EventRounds "9"]
[WhiteTeam "Gröbenzell 1"]
[BlackTeam "Burgsinn 1"]

1. Nf3 c5 2. c4 b6 3. Nc3 Bb7 4. e4 Nc6 5. d4 cxd4 6. Nxd4 e6 7. Be2 Qb8 8. Be3
Nf6 9. a3 Nxd4 10. Qxd4 Bd6 11. Qd3 Be5 12. Bd4 O-O 13. Rd1 Rd8 14. Bf3 d6 15.
O-O Nd7 16. Be2 Nc5 17. Qc2 Bxd4 18. Rxd4 e5 19. Rd2 Ne6 20. Qd1 Nd4 21. Bd3
Qc7 22. Re1 a6 23. Re3 g6 24. Ne2 Ne6 25. Nc3 Kh8 26. h4 Bc6 27. Bf1 f5 28.
exf5 gxf5 29. Red3 Qg7 30. Rg3 Qe7 31. Qh5 f4 32. Rgd3 Nc5 33. Nd5 Bxd5 34.
Rxd5 Ne4 0-1

[Event "Bayern-chTT (Oberliga)"]
[Site "Bayern 2008/09"]
[Date "2008.11.30"]
[Round "3.3"]
[White "Klundt, Klaus"]
[Black "Schuster, Karsten(73)"]
[Result "1/2-1/2"]
[WhiteElo "2311"]
[BlackElo "2196"]
[PlyCount "68"]
[EventDate "2009.03.??"]
[EventType "team-tourn"]
[EventRounds "9"]
[WhiteTeam "Burgsinn 1"]
[BlackTeam "Gröbenzell 1"]

1. e4 d5 2. exd5 Qxd5 3. Nc3 Qd6 4. d4 c6 5. Nf3 Bg4 6. Be2 Nf6 7. h3 Bxf3 8.
Bxf3 e6 9. O-O Nbd7 10. Re1 Be7 11. Be3 O-O 12. Qd2 Qc7 13. Qe2 Rfe8 14. Rad1
Nf8 15. Ne4 Ng6 16. Nxf6+ Bxf6 17. Be4 Rad8 18. c3 Rd7 19. g3 Be7 20. Kg2 Red8
21. f4 Bd6 22. Qf2 Ne7 23. Rf1 g6 24. Bc2 b5 25. Qe2 Nd5 26. Bc1 a6 27. Bb3 Bf8
28. Rf3 Bg7 29. Rfd3 a5 30. a4 b4 31. Qf3 Qb7 32. Bc4 Nb6 33. Bb3 Nd5 34. Bc4
Nb6 1/2-1/2

[Event "Bayern-chTT (Oberliga)"]
[Site "Bayern 2008/09"]
[Date "2008.11.30"]
[Round "3.4"]
[White "Zach, Andreas(60)"]
[Black "Chandler, Patrick"]
[Result "1-0"]
[WhiteElo "2241"]
[BlackElo "2217"]
[PlyCount "99"]
[EventDate "2009.03.??"]
[EventType "team-tourn"]
[EventRounds "9"]
[WhiteTeam "Gröbenzell 1"]
[BlackTeam "Burgsinn 1"]

1. f4 e5 2. fxe5 Nc6 3. Nf3 d6 4. d4 Bg4 5. Bg5 Be7 6. Bf4 Bxf3 7. exf3 dxe5 8.
dxe5 Qxd1+ 9. Kxd1 O-O-O+ 10. Bd3 Bc5 11. Nc3 Nge7 12. Re1 h6 13. Ke2 g5 14.
Bg3 Ng6 15. Kf1 Nf8 16. Be4 Ne6 17. Nd5 Bd4 18. c3 Bxe5 19. Ne7+ Nxe7 20. Bxe5
Rhe8 21. Rad1 Rxd1 22. Rxd1 f5 23. Bc2 Nc6 24. Bxf5 Nxe5 25. Re1 Kd8 26. Rxe5
Ng7 27. Rd5+ Ke7 28. Rd7+ Kf6 29. Be4 Ne6 30. Bd5 Nf4 31. Be4 Ne6 32. Rh7 Rd8
33. Rxh6+ Ke5 34. Ke1 Nc5 35. Rh7 Ne6 36. Rf7 Kd6 37. Rf5 c6 38. Rf7 g4 39.
fxg4 a5 40. Bf5 Nf4 41. g3 Re8+ 42. Kf1 Nd5 43. Rxb7 a4 44. Kf2 a3 45. bxa3
Nxc3 46. h4 Nb5 47. h5 Nd4 48. h6 Re2+ 49. Kf1 Rh2 50. h7 1-0

[Event "Bayern-chTT (Oberliga)"]
[Site "Bayern 2008/09"]
[Date "2008.11.30"]
[Round "3.5"]
[White "Scheidt, Karlheinz"]
[Black "Kaunzinger, Albert"]
[Result "1-0"]
[WhiteElo "2086"]
[BlackElo "2154"]
[PlyCount "53"]
[EventDate "2009.03.??"]
[EventType "team-tourn"]
[EventRounds "9"]
[WhiteTeam "Burgsinn 1"]
[BlackTeam "Gröbenzell 1"]

1. e4 d5 2. exd5 Qxd5 3. Nc3 Qa5 4. d4 c6 5. Bc4 Bf5 6. Nf3 e6 7. Bd2 Qb6 8.
Qe2 Nf6 9. O-O-O Nbd7 10. h3 Bb4 11. g4 Bg6 12. a3 Bxc3 13. Bxc3 Nd5 14. Bd2
N7f6 15. h4 Be4 16. g5 Bxf3 17. Qxf3 Qxd4 18. gxf6 Qxc4 19. fxg7 Rg8 20. Bh6
Qa2 21. c3 a5 22. Rhe1 Ra6 23. Rxe6+ fxe6 24. Qf8+ Rxf8 25. gxf8=Q+ Kd7 26.
Qf7+ Kd6 27. Bf8+ 1-0

[Event "Bayern-chTT (Oberliga)"]
[Site "Bayern 2008/09"]
[Date "2008.11.30"]
[Round "3.6"]
[White "Scheckenbach, Franz"]
[Black "Lodes, Hermann"]
[Result "0-1"]
[WhiteElo "2123"]
[BlackElo "2072"]
[PlyCount "72"]
[EventDate "2009.03.??"]
[EventType "team-tourn"]
[EventRounds "9"]
[WhiteTeam "Gröbenzell 1"]
[BlackTeam "Burgsinn 1"]

1. e4 c6 2. d4 d5 3. e5 Bf5 4. Nc3 e6 5. g4 Bg6 6. Nge2 c5 7. Be3 Nc6 8. Qd2 a6
9. f4 cxd4 10. Nxd4 Nxd4 11. Qxd4 Rc8 12. O-O-O Qa5 13. Bg2 Bc5 14. Qd2 Bb4 15.
Bd4 Bxc3 16. Bxc3 Qxa2 17. Qe3 Ne7 18. h4 h5 19. f5 exf5 20. e6 f6 21. g5 f4
22. Qf2 Rxc3 23. bxc3 O-O 24. Rd4 fxg5 25. hxg5 f3 26. Bf1 Rc8 27. c4 dxc4 28.
Rd7 c3 29. Rxb7 Qa1+ 30. Rb1 Qa3+ 31. Kd1 Qd6+ 32. Kc1 Qf4+ 33. Kd1 Rd8+ 34.
Bd3 Bxd3 35. cxd3 Rxd3+ 36. Ke1 Rd2 0-1

[Event "Bayern-chTT (Oberliga)"]
[Site "Bayern 2008/09"]
[Date "2008.11.30"]
[Round "3.7"]
[White "Fuss, Hubert"]
[Black "Schmidt, Anton(61)"]
[Result "0-1"]
[WhiteElo "1898"]
[BlackElo "2054"]
[PlyCount "84"]
[EventDate "2009.03.??"]
[EventType "team-tourn"]
[EventRounds "9"]
[WhiteTeam "Burgsinn 1"]
[BlackTeam "Gröbenzell 1"]

1. d4 Nf6 2. c4 c5 3. d5 e6 4. Nc3 exd5 5. cxd5 d6 6. Bg5 h6 7. Bh4 g5 8. Bg3
Nh5 9. e3 Nxg3 10. hxg3 Bg7 11. Qc2 Nd7 12. Nf3 Qe7 13. Be2 Ne5 14. Bb5+ Kf8
15. Nxe5 Qxe5 16. Qe4 a6 17. Be2 b5 18. Qxe5 Bxe5 19. f4 Bg7 20. e4 Bd4 21. e5
gxf4 22. exd6 fxg3 23. Kd2 Bb7 24. Bf3 Bxc3+ 25. bxc3 Rd8 26. a4 Rxd6 27. Rh5
Kg7 28. axb5 axb5 29. Ra7 Ba8 30. Rf5 Rf6 31. Rxf6 Kxf6 32. Rc7 c4 33. Ke3 Ke5
34. Rxf7 Bxd5 35. Bxd5 Kxd5 36. Rf5+ Kc6 37. Rf6+ Kc5 38. Rf5+ Kb6 39. Rf6+ Ka5
40. Kf4 Rd8 41. Rxh6 Rd3 42. Rh7 Rxc3 0-1

[Event "Bayern-chTT (Oberliga)"]
[Site "Bayern 2008/09"]
[Date "2008.11.30"]
[Round "3.8"]
[White "Stocker, Rupert"]
[Black "Karcevski, Mario"]
[Result "1-0"]
[WhiteElo "2045"]
[BlackElo "2054"]
[PlyCount "65"]
[EventDate "2009.03.??"]
[EventType "team-tourn"]
[EventRounds "9"]
[WhiteTeam "Gröbenzell 1"]
[BlackTeam "Burgsinn 1"]

1. c4 f5 2. g3 Nf6 3. Bg2 g6 4. Nc3 Bg7 5. d4 d6 6. Nh3 O-O 7. O-O c6 8. d5 e5
9. dxe6 Bxe6 10. Qb3 Qe7 11. Ng5 Bc8 12. e4 h6 13. c5+ d5 14. exd5 hxg5 15.
dxc6+ Rf7 16. Bxg5 bxc6 17. Rfe1 Qf8 18. Rad1 Nbd7 19. Bxf6 Bxf6 20. Bxc6 Rb8
21. Qd5 Rxb2 22. Nb5 Bb7 23. Nd6 Bxc6 24. Qxc6 Re7 25. Nc4 Nxc5 26. Nxb2 Bxb2
27. Qxg6+ Bg7 28. Rxe7 Qxe7 29. Qxf5 Kh8 30. Kf1 a5 31. Re1 Qd6 32. Re8+ Bf8
33. Rxf8+ 1-0

[Event "Bayern-chTT (Oberliga)"]
[Site "Bayern 2008/09"]
[Date "2008.11.30"]
[Round "3.1"]
[White "Jirovsky, Pavel"]
[Black "Milov, Leonid"]
[Result "0-1"]
[WhiteElo "2295"]
[BlackElo "2501"]
[PlyCount "114"]
[EventDate "2009.03.??"]
[EventType "team-tourn"]
[EventRounds "9"]
[WhiteTeam "Königshofen 1"]
[BlackTeam "Nürnberg-NT 1"]

1. Nf3 f5 2. d4 Nf6 3. g3 g6 4. Bg2 d6 5. O-O Bg7 6. c4 O-O 7. Nc3 Na6 8. Re1
c6 9. b3 Qc7 10. Bb2 e5 11. e4 fxe4 12. Nxe4 Nxe4 13. Rxe4 Bf5 14. Re3 Nb4 15.
Ne1 Bh6 16. Re2 Rae8 17. a3 Na6 18. dxe5 dxe5 19. b4 Bg4 20. f3 Bf5 21. c5 Bg7
22. Qd2 Qf7 23. Rd1 Nc7 24. Qc1 Nb5 25. Rf2 Nd4 26. Nd3 Rd8 27. Bxd4 Rxd4 28.
Nb2 Rfd8 29. Rxd4 Rxd4 30. Bf1 Be6 31. Qe3 Bd5 32. Bd3 Qf8 33. Kg2 a5 34. Qe1
axb4 35. axb4 Qa8 36. Be4 Qa3 37. Bxd5+ cxd5 38. b5 Qxc5 39. Qa5 b6 40. Qa8+
Bf8 41. Qe8 Qe7 42. Qc6 Qd6 43. Rc2 Qxc6 44. bxc6 Bd6 45. Kf2 Bc7 46. Ke2 Kf7
47. Nd1 Ke6 48. Ne3 Kd6 49. h4 Ra4 50. g4 b5 51. h5 d4 52. Nf1 gxh5 53. gxh5
Ra3 54. Rc1 Rc3 55. Ra1 Kxc6 56. Nd2 Bd6 57. Ra7 h6 0-1

[Event "Bayern-chTT (Oberliga)"]
[Site "Bayern 2008/09"]
[Date "2008.11.30"]
[Round "3.2"]
[White "Mischustov, Michael"]
[Black "Feustel, Bernd"]
[Result "1/2-1/2"]
[WhiteElo "2345"]
[BlackElo "2239"]
[PlyCount "81"]
[EventDate "2009.03.??"]
[EventType "team-tourn"]
[EventRounds "9"]
[WhiteTeam "Nürnberg-NT 1"]
[BlackTeam "Königshofen 1"]

1. e4 g6 2. d4 Bg7 3. Nc3 d6 4. g3 b6 5. Bg2 Bb7 6. Nge2 Nd7 7. O-O e5 8. Be3
Ne7 9. Qd2 O-O 10. f4 f5 11. dxe5 dxe5 12. Rad1 Nf6 13. fxe5 Nxe4 14. Qd7 Kh8
15. Nxe4 fxe4 16. Rxf8+ Qxf8 17. e6 Nf5 18. Bg5 Qc5+ 19. Kh1 Nd6 20. e7 Ne8 21.
Bd2 Bc6 22. Qd8 Bxb2 23. c3 Ba3 24. Bc1 Qxe7 25. Qd4+ Ng7 26. Bxa3 Qxa3 27. Qf6
Qc5 28. Nd4 Bd5 29. Nb3 Bxb3 30. axb3 Rg8 31. Bxe4 Qf8 32. Qxf8 Rxf8 33. Rd7
Ne6 34. Re7 Nc5 35. Bd5 c6 36. Bxc6 Nxb3 37. Rxa7 Rc8 38. Bd5 Rxc3 39. Rb7 Rc1+
40. Kg2 Nc5 41. Rxb6 1/2-1/2

[Event "Bayern-chTT (Oberliga)"]
[Site "Bayern 2008/09"]
[Date "2008.11.30"]
[Round "3.3"]
[White "Studnicka, Tomas"]
[Black "Epding, Olaf"]
[Result "1/2-1/2"]
[WhiteElo "2241"]
[BlackElo "2157"]
[PlyCount "127"]
[EventDate "2009.03.??"]
[EventType "team-tourn"]
[EventRounds "9"]
[WhiteTeam "Königshofen 1"]
[BlackTeam "Nürnberg-NT 1"]

1. d4 d5 2. c4 e6 3. Nc3 Nf6 4. Bg5 Be7 5. e3 h6 6. Bh4 O-O 7. Nf3 b6 8. cxd5
Nxd5 9. Bxe7 Qxe7 10. Nxd5 exd5 11. Rc1 Be6 12. Qa4 c5 13. Qa3 Rc8 14. Bb5 Qb7
15. dxc5 bxc5 16. Rxc5 Rxc5 17. Qxc5 Na6 18. Bxa6 Qxa6 19. Qa3 Qxa3 20. bxa3
Rb8 21. O-O Rb2 22. Ra1 Bf5 23. Nd4 Be6 24. h3 Kh7 25. a4 Rb4 26. a5 Ra4 27.
Nc6 Bd7 28. Ne5 Be6 29. Nc6 Bd7 30. Nd8 Be6 31. Nb7 Bc8 32. Nd6 Be6 33. Nb7 Bc8
34. Rb1 Rxa2 35. Nd6 Be6 36. Rb5 Ra4 37. f4 d4 38. f5 Bc4 39. Nxc4 Rxc4 40.
exd4 Rxd4 41. Rb7 Rd5 42. Rxa7 Rxf5 43. a6 Ra5 44. Kf2 Ra3 45. Ke2 f5 46. Ra8
Kg6 47. a7 Kg5 48. g3 h5 49. Kf2 h4 50. gxh4+ Kf4 51. h5 Ra2+ 52. Ke1 Ra1+ 53.
Ke2 Ra2+ 54. Kd3 Ra4 55. Kc3 Kf3 56. Kb3 Ra1 57. Kc4 f4 58. Kd5 Kf2 59. Rf8
Rxa7 60. Rxf4+ Kg3 61. Rg4+ Kxh3 62. Rg6 Kh4 63. h6 gxh6 64. Rxh6+ 1/2-1/2

[Event "Bayern-chTT (Oberliga)"]
[Site "Bayern 2008/09"]
[Date "2008.11.30"]
[Round "3.4"]
[White "Kirchner, Thomas"]
[Black "Stross, Frantisek"]
[Result "1/2-1/2"]
[WhiteElo "2266"]
[BlackElo "2298"]
[PlyCount "60"]
[EventDate "2009.03.??"]
[EventType "team-tourn"]
[EventRounds "9"]
[WhiteTeam "Nürnberg-NT 1"]
[BlackTeam "Königshofen 1"]

1. e4 e5 2. Nf3 Nf6 3. Nxe5 d6 4. Nf3 Nxe4 5. d4 d5 6. Bd3 Nc6 7. O-O Be7 8. h3
O-O 9. c4 Nb4 10. Nc3 Nxc3 11. bxc3 Nxd3 12. Qxd3 dxc4 13. Qxc4 c6 14. Re1 Be6
15. Qd3 b5 16. Bf4 Re8 17. a4 a6 18. Ne5 Bd5 19. c4 bxc4 20. Nxc4 Bf6 21. Ne5
Bxe5 22. Bxe5 f6 23. Bf4 Qa5 24. Bd2 Rxe1+ 25. Bxe1 Qc7 26. a5 c5 27. dxc5 Qxc5
28. Rc1 Qd6 29. Bb4 Qe6 30. Rc7 Qe4 1/2-1/2

[Event "Bayern-chTT (Oberliga)"]
[Site "Bayern 2008/09"]
[Date "2008.11.30"]
[Round "3.6"]
[White "Pauli, Alexander Dr"]
[Black "Fischer, Thomas(92)"]
[Result "1/2-1/2"]
[WhiteElo "2170"]
[BlackElo "2071"]
[PlyCount "67"]
[EventDate "2009.03.??"]
[EventType "team-tourn"]
[EventRounds "9"]
[WhiteTeam "Nürnberg-NT 1"]
[BlackTeam "Königshofen 1"]

1. e4 c5 2. Nf3 Nc6 3. d4 cxd4 4. Nxd4 Nf6 5. Nc3 e5 6. Nde2 h6 7. Ng3 Bb4 8.
Bc4 d6 9. Nh5 O-O 10. O-O Nxh5 11. Qxh5 Ne7 12. Rd1 Be6 13. Nd5 Nxd5 14. Bxd5
Qd7 15. Rd3 Bxd5 16. Rxd5 Bc5 17. Qd1 Qe6 18. Qd3 f5 19. Be3 fxe4 20. Qxe4 Bxe3
21. fxe3 Qf6 22. h3 Rac8 23. Rd2 b6 24. c4 Qe6 25. b3 Rc7 26. Qd5 Qxd5 27. Rxd5
Rf6 28. Rad1 Rc6 29. a4 Kf7 30. a5 Ke6 31. axb6 Rxb6 32. b4 Rxb4 33. Rxd6+ Kf5
34. Rd7 1/2-1/2

[Event "Bayern-chTT (Oberliga)"]
[Site "Bayern 2008/09"]
[Date "2008.11.30"]
[Round "3.7"]
[White "Michaelis, Martin"]
[Black "Tran, Phat"]
[Result "1-0"]
[WhiteElo "2157"]
[BlackElo "2234"]
[PlyCount "95"]
[EventDate "2009.03.??"]
[EventType "team-tourn"]
[EventRounds "9"]
[WhiteTeam "Königshofen 1"]
[BlackTeam "Nürnberg-NT 1"]

1. d4 Nf6 2. c4 d6 3. Nc3 g6 4. Nf3 Bf5 5. Bf4 Bg7 6. e3 O-O 7. Bd3 Bg4 8. h3
Bxf3 9. Qxf3 Nc6 10. d5 Nb4 11. e4 Nd7 12. Bb1 e5 13. Be3 a5 14. g4 Qh4 15. Qg3
Qxg3 16. fxg3 c6 17. a3 Na6 18. Bc2 Rac8 19. dxc6 bxc6 20. O-O-O Ndc5 21. Rxd6
Ne6 22. Rd7 Nd4 23. Ra7 Nc5 24. Kb1 Ra8 25. Rxa8 Rxa8 26. Na4 Nce6 27. Rh2 Rb8
28. Bd1 Bf8 29. Ka2 Be7 30. h4 Kg7 31. g5 Nc5 32. Nxc5 Bxc5 33. Bd2 Bb6 34. b4
axb4 35. Bxb4 Rb7 36. Rb2 Ra7 37. Bd6 Bc7 38. Bc5 Ra5 39. Be7 Ra7 40. Bc5 Ra5
41. Be7 Ra7 42. h5 h6 43. gxh6+ Kxh6 44. g4 gxh5 45. g5+ Kh7 46. Bxh5 Ba5 47.
Bf6 Ne6 48. Bxf7 1-0

[Event "Bayern-chTT (Oberliga)"]
[Site "Bayern 2008/09"]
[Date "2008.11.30"]
[Round "3.8"]
[White "Hirn, Oskar"]
[Black "Jahrsdoerfer, Gerd"]
[Result "1-0"]
[WhiteElo "2128"]
[BlackElo "2124"]
[PlyCount "97"]
[EventDate "2009.03.??"]
[EventType "team-tourn"]
[EventRounds "9"]
[WhiteTeam "Nürnberg-NT 1"]
[BlackTeam "Königshofen 1"]

1. d4 d5 2. c4 e6 3. Nf3 f5 4. Bf4 Nf6 5. e3 Be7 6. Nc3 c6 7. h3 Nbd7 8. g4 Ne4
9. gxf5 exf5 10. cxd5 Nxc3 11. bxc3 cxd5 12. Qb3 Qa5 13. Ne5 O-O 14. Bg2 Nb6
15. O-O Be6 16. a4 Rac8 17. Rfc1 Kh8 18. Qb5 Qxb5 19. axb5 Ra8 20. c4 g5 21.
Bh2 f4 22. c5 Nc8 23. exf4 gxf4 24. Re1 Bg8 25. Nd3 Bf6 26. Ra4 Ne7 27. Bxf4
Ng6 28. Bg3 Nh4 29. Be5 Be6 30. Nf4 Bxe5 31. dxe5 Rg8 32. Re3 Bd7 33. Rb4 a6
34. bxa6 Rxa6 35. Kh2 Nxg2 36. Nxg2 d4 37. Rxd4 Bc6 38. Rg4 Rf8 39. Kg3 Ra2 40.
Nf4 Rc2 41. e6 Rxc5 42. e7 Rc8 43. Ne6 Rc1 44. Rd4 Rg8+ 45. Kf4 Be8 46. Rd8 Rc6
47. Ke5 Bf7 48. Kf6 Be8 49. Rg3 1-0

[Event "Bayern-chTT (Oberliga)"]
[Site "Bayern 2008/09"]
[Date "2008.11.30"]
[Round "3.1"]
[White "Baldauf, Marco"]
[Black "Terekhov, Andrey"]
[Result "1/2-1/2"]
[WhiteElo "2288"]
[BlackElo "2338"]
[PlyCount "38"]
[EventDate "2009.03.??"]
[EventType "team-tourn"]
[EventRounds "9"]
[WhiteTeam "Pang/Ro.1"]
[BlackTeam "München-Bayern 2"]

1. e4 c5 2. Nf3 e6 3. d4 cxd4 4. Nxd4 Nc6 5. Nc3 Qc7 6. g3 a6 7. Bg2 d6 8. O-O
Bd7 9. a4 Nf6 10. Nxc6 Bxc6 11. Be3 Be7 12. a5 O-O 13. Re1 Nd7 14. Na4 Rae8 15.
Nb6 f5 16. Nxd7 Qxd7 17. Qd3 fxe4 18. Bxe4 Bxe4 19. Qxe4 Rf5 1/2-1/2

[Event "Bayern-chTT (Oberliga)"]
[Site "Bayern 2008/09"]
[Date "2008.11.30"]
[Round "3.2"]
[White "Drexel, Michael"]
[Black "Blaskowski, Johannes"]
[Result "1-0"]
[WhiteElo "2253"]
[BlackElo "2295"]
[PlyCount "113"]
[EventDate "2009.03.??"]
[EventType "team-tourn"]
[EventRounds "9"]
[WhiteTeam "München-Bayern 2"]
[BlackTeam "Pang/Ro.1"]

1. e4 c5 2. Nf3 e6 3. c3 d5 4. exd5 Qxd5 5. Na3 a6 6. Nc4 Qd8 7. d4 b5 8. Nce5
f6 9. Nd3 cxd4 10. Nxd4 e5 11. Nb3 Be6 12. Be3 Nd7 13. Be2 Qc7 14. a4 Ne7 15.
Ndc5 Nxc5 16. Nxc5 Rd8 17. Qc1 Bd7 18. axb5 axb5 19. Nxd7 Qxd7 20. Ra7 Qd5 21.
O-O Nc8 22. Ra5 Nd6 23. Bxb5+ Nxb5 24. c4 Nd4 25. Rxd5 Ne2+ 26. Kh1 Nxc1 27.
Rxd8+ Kxd8 28. Rxc1 Bb4 29. Ra1 Kd7 30. Ra7+ Ke6 31. Rb7 Rd8 32. g3 Rd1+ 33.
Kg2 Be7 34. h4 f5 35. b4 f4 36. gxf4 exf4 37. Bxf4 Rd4 38. Bg5 Bxg5 39. hxg5
Rxc4 40. Kg3 h6 41. gxh6 gxh6 42. b5 h5 43. Rh7 Rc5 44. b6 Kf6 45. Rh8 Rb5 46.
Rb8 Ke7 47. b7 Kd7 48. Rh8 Rxb7 49. Rh7+ Kc6 50. Rxb7 Kxb7 51. Kh4 Kc6 52. Kxh5
Kd6 53. Kg5 Ke5 54. f4+ Ke6 55. Kg6 Ke7 56. f5 Kf8 57. Kf6 1-0

[Event "Bayern-chTT (Oberliga)"]
[Site "Bayern 2008/09"]
[Date "2008.11.30"]
[Round "3.3"]
[White "Vogel, Robert(57)"]
[Black "Wockenfuss, Klaus"]
[Result "0-1"]
[WhiteElo "2207"]
[BlackElo "2243"]
[PlyCount "120"]
[EventDate "2009.03.??"]
[EventType "team-tourn"]
[EventRounds "9"]
[WhiteTeam "Pang/Ro.1"]
[BlackTeam "München-Bayern 2"]

1. d4 d5 2. c4 c6 3. Nc3 Nf6 4. cxd5 cxd5 5. Nf3 Nc6 6. Bf4 Bf5 7. e3 e6 8. Ne5
Be7 9. g4 Be4 10. f3 Bg6 11. h4 Qb6 12. Bb5 h5 13. Nxg6 fxg6 14. Qd3 Kf7 15.
O-O-O Nb4 16. Qe2 Rac8 17. Kb1 a6 18. Ba4 Rxc3 19. bxc3 Nxa2+ 20. Kxa2 Qa5 21.
Kb3 Rc8 22. Qd3 b5 23. Ra1 bxa4+ 24. Rxa4 Qb6+ 25. Ka2 Rc4 26. Rxc4 Qa5+ 27.
Kb1 Qb5+ 28. Ka2 dxc4 29. Qc2 Qa5+ 30. Kb1 Nd5 31. gxh5 gxh5 32. Rg1 Nxc3+ 33.
Kc1 Qa1+ 34. Kd2 Qxg1 35. Qxc3 Qf2+ 36. Kc1 Qa2 37. e4 Ba3+ 38. Kd1 Qb1+ 39.
Ke2 Qb2+ 40. Qxb2 Bxb2 41. Be3 a5 42. Kd2 a4 43. Kc2 a3 44. Kb1 e5 45. d5 Bd4
46. Bd2 Bc5 47. Bc3 Bd6 48. Bd2 Be7 49. Bc3 Bd6 50. Bd2 Be7 51. Bc3 Bxh4 52.
Bxe5 Bf2 53. Bc3 h4 54. e5 Bg3 55. e6+ Ke7 56. Bd2 h3 57. Bg5+ Kd6 58. Bc1 h2
59. Bxa3+ Kxd5 60. e7 h1=Q+ 0-1

[Event "Bayern-chTT (Oberliga)"]
[Site "Bayern 2008/09"]
[Date "2008.11.30"]
[Round "3.4"]
[White "Schuette, Manfred"]
[Black "Maurer, Jochen(80)"]
[Result "1-0"]
[WhiteElo "2297"]
[BlackElo "2164"]
[PlyCount "87"]
[EventDate "2009.03.??"]
[EventType "team-tourn"]
[EventRounds "9"]
[WhiteTeam "München-Bayern 2"]
[BlackTeam "Pang/Ro.1"]

1. c4 e5 2. Nc3 Bb4 3. Nf3 Bxc3 4. bxc3 Qe7 5. g3 d6 6. Bg2 f5 7. d3 Nf6 8. O-O
O-O 9. Qb3 Kh8 10. Ba3 Nbd7 11. Rab1 Ng4 12. h3 Nh6 13. c5 Nxc5 14. Bxc5 dxc5
15. Nd2 Rb8 16. Qa3 b6 17. e3 Bb7 18. Bxb7 Rxb7 19. d4 f4 20. exf4 exf4 21.
Rbe1 Qd7 22. Kg2 Rbb8 23. Nf3 Rbe8 24. dxc5 fxg3 25. fxg3 Nf5 26. cxb6 axb6 27.
g4 Nh6 28. Kg3 Kg8 29. Qb3+ Kh8 30. Qb4 c5 31. Qxb6 Rxe1 32. Rxe1 Qf7 33. Qc6
Qf4+ 34. Kg2 Nf7 35. Re8 Nh6 36. a4 c4 37. a5 Qf7 38. Rxf8+ Qxf8 39. a6 Qa3 40.
Qb7 Qa2+ 41. Kg3 Ng8 42. a7 h5 43. a8=Q h4+ 44. Nxh4 1-0

[Event "Bayern-chTT (Oberliga)"]
[Site "Bayern 2008/09"]
[Date "2008.11.30"]
[Round "3.5"]
[White "Duer, Werner"]
[Black "Lentrodt, Thomas"]
[Result "1/2-1/2"]
[WhiteElo "2189"]
[BlackElo "2243"]
[PlyCount "102"]
[EventDate "2009.03.??"]
[EventType "team-tourn"]
[EventRounds "9"]
[WhiteTeam "Pang/Ro.1"]
[BlackTeam "München-Bayern 2"]

1. d4 Nf6 2. Nf3 c5 3. e3 e6 4. c4 cxd4 5. exd4 Bb4+ 6. Nc3 Ne4 7. Bd2 Nxd2 8.
Qxd2 b6 9. Be2 d5 10. cxd5 exd5 11. O-O O-O 12. Rac1 Bb7 13. a3 Be7 14. Ne5 f6
15. Nd3 Na6 16. Nf4 Nc7 17. Nb5 Nxb5 18. Bxb5 Qd6 19. Rfe1 Rfc8 20. Re6 Rxc1+
21. Qxc1 Qd8 22. Qe3 Bf8 23. Re8 Qd6 24. Rxa8 Bxa8 25. g3 Be7 26. Bd3 g6 27. h4
Bc6 28. Bc2 f5 29. Nd3 Bf6 30. Ne5 Kg7 31. f4 Bb7 32. Qc3 Bd8 33. Qe3 Qc7 34.
Bd3 Bc8 35. Kg2 Bf6 36. Nf3 Bd7 37. Ne5 Ba4 38. Qd2 Be7 39. Nf3 a5 40. Qe3 Bf6
41. Ne5 b5 42. h5 b4 43. axb4 axb4 44. hxg6 hxg6 45. Qd2 Qb6 46. Qc1 Be7 47.
Qc8 Bf6 48. Qa8 Bxe5 49. dxe5 Qd4 50. Qxa4 Qxd3 51. Qxb4 Qe2+ 1/2-1/2

[Event "Bayern-chTT (Oberliga)"]
[Site "Bayern 2008/09"]
[Date "2008.11.30"]
[Round "3.6"]
[White "Majer, Damir"]
[Black "Heubusch, Michael"]
[Result "0-1"]
[WhiteElo "2232"]
[BlackElo "2122"]
[PlyCount "70"]
[EventDate "2009.03.??"]
[EventType "team-tourn"]
[EventRounds "9"]
[WhiteTeam "München-Bayern 2"]
[BlackTeam "Pang/Ro.1"]

1. e4 g6 2. d4 Bg7 3. Nc3 d6 4. Nge2 Nc6 5. Be3 Nf6 6. f3 O-O 7. Qd2 e5 8. d5
Na5 9. Ng3 c5 10. Bh6 Bd7 11. h4 b5 12. h5 c4 13. a3 Nb7 14. hxg6 fxg6 15. Bxg7
Kxg7 16. Qg5 Kh8 17. Nd1 Rf7 18. Be2 Nc5 19. Nf2 Rg7 20. Nh3 Qa5+ 21. c3 Rf8
22. Rd1 Qd8 23. Qe3 Nh5 24. Nxh5 gxh5 25. Bf1 Qf6 26. Nf2 h4 27. Rd2 Rg3 28.
Rh2 h3 29. Nh1 Rg7 30. Nf2 hxg2 31. Bxg2 Qg6 32. Kf1 Rf4 33. Kg1 Qg3 34. Kh1
Rh4 35. Rxh4 Qxg2# 0-1

[Event "Bayern-chTT (Oberliga)"]
[Site "Bayern 2008/09"]
[Date "2008.11.30"]
[Round "3.7"]
[White "Wimmer, Herbert(42)"]
[Black "Leitner, Maximilian"]
[Result "1/2-1/2"]
[WhiteElo "2069"]
[BlackElo "2217"]
[PlyCount "98"]
[EventDate "2009.03.??"]
[EventType "team-tourn"]
[EventRounds "9"]
[WhiteTeam "Pang/Ro.1"]
[BlackTeam "München-Bayern 2"]

1. e4 c5 2. c4 Nc6 3. Ne2 g6 4. d4 cxd4 5. Nxd4 Bg7 6. Be3 Nf6 7. Nc3 d6 8. Be2
O-O 9. O-O Qa5 10. Nb3 Qd8 11. h3 Be6 12. f4 a5 13. g4 a4 14. Nd2 Qa5 15. a3
Ne8 16. Rc1 Bd4 17. Bf2 f6 18. Nf3 Bxf2+ 19. Rxf2 Nc7 20. Nd5 Rfe8 21. Nd4 Bf7
22. Nxc7 Qxc7 23. Nb5 Qb6 24. Bf1 Rec8 25. Nc3 Qe3 26. Qd2 Qa7 27. Nb5 Qb6 28.
Kg2 Na5 29. Qb4 Nb3 30. Re1 h6 31. e5 dxe5 32. fxe5 Nc5 33. exf6 exf6 34. Nc3
Qc6+ 35. Kg1 Re8 36. Nd5 Bxd5 37. Rxe8+ Rxe8 38. cxd5 Qd6 39. Qf4 Qxf4 40. Rxf4
Kg7 41. Rc4 b6 42. Rb4 Rd8 43. Bg2 Rd6 44. Kf1 f5 45. gxf5 gxf5 46. Ke2 Kf6 47.
Ke3 Ke5 48. h4 Rg6 49. Bf3 Rf6 1/2-1/2

[Event "Bayern-chTT (Oberliga)"]
[Site "Bayern 2008/09"]
[Date "2008.11.30"]
[Round "3.8"]
[White "Braun, Christian Dr(67)"]
[Black "Lindenberg, Georg"]
[Result "0-1"]
[WhiteElo "2185"]
[BlackElo "2086"]
[PlyCount "78"]
[EventDate "2009.03.??"]
[EventType "team-tourn"]
[EventRounds "9"]
[WhiteTeam "München-Bayern 2"]
[BlackTeam "Pang/Ro.1"]

1. d4 d5 2. c4 c6 3. Nf3 Nf6 4. Nc3 a6 5. c5 g6 6. Bf4 Bg7 7. h3 O-O 8. e3 Nbd7
9. Bd3 Ne8 10. e4 dxe4 11. Nxe4 Ndf6 12. O-O Nxe4 13. Bxe4 Nf6 14. Bd3 Nd5 15.
Bg3 Be6 16. Qd2 Nf6 17. Rfe1 Bd5 18. Ne5 Nd7 19. Qe3 Nxe5 20. Bxe5 Bxe5 21.
Qxe5 e6 22. Qf4 Kg7 23. Re5 Qf6 24. Qg3 Rfb8 25. b3 b6 26. cxb6 Rxb6 27. f4 Rb4
28. Qe3 Qd8 29. Rg5 h6 30. Rg3 Qf6 31. Rf1 Qxd4 32. Qxd4+ Rxd4 33. f5 exf5 34.
Bxf5 a5 35. Rd3 Rb4 36. Bg4 a4 37. bxa4 Rbxa4 38. Bf3 Bc4 39. Bxc6 Bxd3 0-1

[Event "Bayern-chTT (Oberliga)"]
[Site "Bayern 2008/09"]
[Date "2008.12.14"]
[Round "4.1"]
[White "Baldauf, Marco"]
[Black "Heika, Martin"]
[Result "1-0"]
[WhiteElo "2288"]
[BlackElo "2384"]
[PlyCount "71"]
[EventDate "2009.03.??"]
[EventType "team-tourn"]
[EventRounds "9"]
[WhiteTeam "Pang/Ro.1"]
[BlackTeam "Regensburg-Fortuna 1"]

1. d4 e6 2. c4 Nf6 3. g3 d5 4. Nf3 Be7 5. Bg2 O-O 6. O-O dxc4 7. Qc2 a6 8. Qxc4
b5 9. Qc2 Bb7 10. Bd2 Nbd7 11. Ba5 Bd6 12. Nbd2 Rc8 13. Rac1 Re8 14. Rfe1 Qe7
15. e4 e5 16. dxe5 Nxe5 17. Nd4 c5 18. Nf5 Qe6 19. f4 Nc6 20. e5 Bxe5 21. fxe5
Ng4 22. Nd6 Nd4 23. Bxb7 Nxc2 24. Rxc2 Rb8 25. Bg2 Qxd6 26. exd6 Rxe1+ 27. Nf1
Rd1 28. Rd2 Rxd2 29. Nxd2 Ne5 30. Nf3 Nd7 31. Bh3 Rb7 32. Bc7 Nf8 33. Ne5 f6
34. Bc8 Ra7 35. Nc6 Ra8 36. Bb8 1-0